000 00256nam a22000977a 4500
008 221128b |||||||| |||| 00| 0 eng d
020 _a9789389823981
100 _aKibuishi Kazu
_97631
245 _aAmulet (The Last Council)
260 _aIndia
_bScholastic
_c2022
999 _c12157
_d12157